Statistiques concernant Europa Universalis IV (EU4) : les pays du SERG

Cliquez ici pour prendre le quiz!

Statistiques générales

  • Ce quiz a été pris 147 fois
    (140 depuis la dernière actualisation)
  • Le résultat moyen est 35 sur 78

Statistiques - réponses

Réponse% Correct
Milan
86%
Autriche
81%
Brandebourg
81%
Savoie
81%
Saxe
81%
Bohème
80%
Frise
79%
Lorraine
79%
Florence
76%
Hollande
76%
Gênes
74%
Suisse
74%
Brabant
67%
Cologne
67%
Munich
67%
Holstein
66%
Salzbourg
66%
Utrecht
66%
Hambourg
64%
Palatinat
63%
Lübeck
61%
Bade
60%
Ferrare
57%
Brême
56%
Trèves
56%
Sienne
54%
Aix-la-chapelle
53%
Ulm
53%
Strasbourg
51%
Gueldre
49%
Liège
49%
Mantoue
49%
Francfort
47%
Brunswick
46%
Wurtemberg
46%
Lucques
44%
Montferrat
44%
Münster
44%
Thuringe
44%
Mecklembourg
41%
Mayence
40%
Mulhouse
40%
Saluces
40%
Anhalt
39%
Hesse
39%
Lunebourg
39%
Trente
39%
Magdebourg
37%
Nuremberg
37%
Oldenbourg
37%
Stettin
37%
Augsbourg
36%
Genève
36%
Opole
33%
Constance
31%
Dortmund
31%
Trois ligues
31%
Ingolstadt
30%
Wolgast
30%
Clèves
29%
Glogow
27%
Ansbach
23%
Verden
23%
Dithmarse
21%
Goslar
21%
Landshut
21%
Berg
20%
Brégence
20%
Nassau
20%
Saxe-Lauenbourg
20%
Wurtzbourg
20%
Passau
17%
Ratisbonne
16%
Bayreuth
13%
Memmingen
13%
Rothembourg
13%
Cilli
11%
Bamberg
10%

Distribution des résultats

Percentile par nombre de réponses

% des personnes avec chaque résultat

Votre développement - résultats

Vous n’avez pas pris ce quiz depuis la dernière actualisation